000 00291nam a22001337a 4500
008 170203b xxu||||| |||| 00| 0 eng d
020 _a600543010100
041 _aeng
080 _a61
100 _a3
101 _aSHM
245 _aDR.KOOP'S SELF=CARE ADVISOR
_cKOOP, C.E
942 _2udc
_cBK
999 _c4475
_d4475